00965nam a2200205Ia 4500003000900000008004100009020001800050040001600068080002300084111008200107245025100189260004100440300001600481490004500497650002600542700002600568942000700594999001700601952014100618IN-BaIIA211028s9999 xx 000 0 eng d a4-946443-22-3 cIIA Library a52-735(082.2)bNEW aInternational Conference of the X-Ray AstronomycJapand1994 Mar. 8-11922278 0aNew horizon of x-ray astronomybproceedings of the International conference of the x-ray astronomy held in Tokyo Metropolitan University, Japan, March 8-11, 1994cedited by H. Makino and T. ohashi  aTokyobUniversal Academy Pressc1994 aIxvi, 683p. aFrontier science series; no. 12 (FSS-12) aX-ray astronomy97473 aohashi, T., ed922279 cBK c12726d12726 00104070aBANbBANcGENd1998-11-12eUNAP g6300.00l0o52-735(082.2)/ NEWp13643r2021-11-05v6300.00w1998-11-12yBKGRs. 6300.00